[Event "DVM U20 2023"]
[Site "Magdeburg GER"]
[Date "2023.12.28"]
[Round "4"]
[White "Epp, Magnus"]
[Black "Barz, Henrik"]
[Result "1/2-1/2"]
[Termination "normal"]
[Board "7.4"]
[WhiteElo "1478"]
[BlackElo "1539"]
[WhiteClock "00:06:27"]
[BlackClock "01:09:28"]
[WhiteTeam "SF HN-Biberach 1978"]
[BlackTeam "ESV Gera"]
[PlyCount "121"]
[WhiteFideId "16289773"]
[BlackFideId "34628320"]
[EventCountry "GER"]
[EventRounds "7"]
[EventType "team-swiss"]
[EventDate "2023.12.26"]

1. d4 {[%clk 01:30:57]} {[%emt 00:00:02]} d5 {[%clk 01:30:55]} {[%emt
00:00:07]} 2. Nf3 {[%clk 01:31:22]} {[%emt 00:00:05]} c5 {[%clk 01:31:21]}
{[%emt 00:00:04]} 3. dxc5 {[%clk 01:31:06]} {[%emt 00:00:46]} Nc6 {[%clk
01:31:44]} {[%emt 00:00:06]} 4. c3 {[%clk 01:24:02]} {[%emt 00:07:35]} a5
{[%clk 01:31:11]} {[%emt 00:01:02]} 5. e4 {[%clk 01:23:13]} {[%emt 00:01:19]}
dxe4 {[%clk 01:30:58]} {[%emt 00:00:44]} 6. Qxd8+ {[%clk 01:23:19]} {[%emt
00:00:22]} Kxd8 {[%clk 01:31:17]} {[%emt 00:00:12]} 7. Ng5 {[%clk 01:23:29]}
{[%emt 00:00:20]} Ke8 {[%clk 01:31:18]} {[%emt 00:00:29]} 8. Nxe4 {[%clk
01:23:45]} {[%emt 00:00:14]} Bf5 {[%clk 01:31:32]} {[%emt 00:00:17]} 9. Nbd2
{[%clk 01:22:48]} {[%emt 00:01:25]} e5 {[%clk 01:29:55]} {[%emt 00:02:08]} 10.
Nd6+ {[%clk 01:21:25]} {[%emt 00:01:52]} Bxd6 {[%clk 01:30:14]} {[%emt
00:00:12]} 11. cxd6 {[%clk 01:21:50]} {[%emt 00:00:05]} Rd8 {[%clk 01:30:30]}
{[%emt 00:00:14]} 12. Nc4 {[%clk 01:21:20]} {[%emt 00:00:59]} Be6 {[%clk
01:30:45]} {[%emt 00:00:16]} 13. Be3 {[%clk 01:21:11]} {[%emt 00:00:39]} Bxc4
{[%clk 01:30:50]} {[%emt 00:00:24]} 14. Bxc4 {[%clk 01:21:34]} {[%emt
00:00:07]} Rxd6 {[%clk 01:31:16]} {[%emt 00:00:05]} 15. O-O {[%clk 01:21:21]}
{[%emt 00:00:43]} Nf6 {[%clk 01:29:39]} {[%emt 00:02:07]} 16. Rfd1 {[%clk
01:19:41]} {[%emt 00:02:10]} Rxd1+ {[%clk 01:29:31]} {[%emt 00:00:39]} 17. Rxd1
{[%clk 01:20:08]} {[%emt 00:00:01]} Nd7 {[%clk 01:29:28]} {[%emt 00:00:34]} 18.
Bxf7+ {[%clk 01:20:17]} {[%emt 00:00:21]} Ke7 {[%clk 01:29:35]} {[%emt
00:00:23]} 19. Bd5 {[%emt 00:02:01]} Rc8 {[%clk 01:28:57]} {[%emt 00:00:01]}
20. Bg5+ {[%clk 01:19:59]} {[%emt 00:00:24]} Nf6 {[%clk 01:29:07]} {[%emt
00:00:20]} 21. Be4 {[%clk 01:17:42]} {[%emt 00:02:46]} h6 {[%clk 01:28:59]}
{[%emt 00:00:39]} 22. Bf5 {[%clk 01:16:48]} {[%emt 00:01:24]} Rc7 {[%clk
01:28:57]} {[%emt 00:00:33]} 23. Be3 {[%clk 01:16:54]} {[%emt 00:00:22]} b5
{[%clk 01:27:02]} {[%emt 00:02:26]} 24. Bc5+ {[%clk 01:16:24]} {[%emt
00:01:00]} Kf7 {[%clk 01:27:01]} {[%emt 00:00:30]} 25. Bd6 {[%clk 01:16:28]}
{[%emt 00:00:26]} Ra7 {[%clk 01:25:45]} {[%emt 00:01:47]} 26. g3 {[%clk
00:53:14]} {[%emt 00:23:43]} b4 {[%clk 01:20:39]} {[%emt 00:05:36]} 27. Bh3
{[%clk 00:45:52]} {[%emt 00:07:52]} bxc3 {[%clk 01:20:07]} {[%emt 00:01:01]}
28. bxc3 {[%clk 00:45:57]} {[%emt 00:00:26]} e4 {[%clk 01:20:20]} {[%emt
00:00:16]} 29. Bf1 {[%clk 00:32:33]} {[%emt 00:13:55]} Rb7 {[%clk 01:13:55]}
{[%emt 00:06:55]} 30. a4 {[%clk 00:29:47]} {[%emt 00:03:16]} Ne7 {[%clk
01:11:36]} {[%emt 00:02:48]} 31. Bc4+ {[%clk 00:28:26]} {[%emt 00:01:51]} Kg6
{[%clk 01:07:18]} {[%emt 00:04:49]} 32. Bxe7 {[%clk 00:26:29]} {[%emt
00:02:27]} Rxe7 {[%clk 01:07:43]} {[%emt 00:00:05]} 33. Bb5 {[%clk 00:26:08]}
{[%emt 00:00:50]} e3 {[%clk 01:03:53]} {[%emt 00:04:20]} 34. fxe3 {[%clk
00:25:11]} {[%emt 00:01:28]} Rxe3 {[%clk 01:04:12]} {[%emt 00:00:09]} 35. Rc1
{[%clk 00:24:24]} {[%emt 00:01:16]} Ne4 {[%clk 01:03:35]} {[%emt 00:01:08]} 36.
c4 {[%clk 00:20:35]} {[%emt 00:04:18]} Nc5 {[%clk 01:03:38]} {[%emt 00:00:28]}
37. Rd1 {[%clk 00:09:13]} {[%emt 00:11:52]} Ra3 {[%clk 01:03:05]} {[%emt
00:01:03]} 38. Rd5 {[%clk 00:05:22]} {[%emt 00:04:22]} Nxa4 {[%clk 01:03:14]}
{[%emt 00:00:21]} 39. Be8+ {[%clk 00:03:38]} {[%emt 00:02:13]} Kf6 {[%clk
01:03:34]} {[%emt 00:00:09]} 40. Rxa5 {[%clk 00:03:56]} {[%emt 00:00:12]} Ra1+
{[%clk 01:03:56]} {[%emt 00:00:08]} 41. Kg2 {[%clk 00:03:55]} {[%emt 00:00:31]}
Ra2+ {[%clk 01:04:22]} {[%emt 00:00:04]} 42. Kh3 {[%clk 00:03:34]} {[%emt
00:00:52]} Nc3 {[%clk 01:04:43]} {[%emt 00:00:09]} 43. Rxa2 {[%clk 00:03:52]}
{[%emt 00:00:12]} Nxa2 {[%clk 01:05:08]} {[%emt 00:00:06]} 44. c5 {[%clk
00:03:02]} {[%emt 00:01:20]} Nc3 {[%clk 01:04:54]} {[%emt 00:00:43]} 45. Kg4
{[%clk 00:28:18]} {[%emt 00:05:15]} Nd5 {[%clk 01:33:11]} {[%emt 00:02:12]} 46.
c6 {[%clk 00:27:36]} {[%emt 00:01:12]} Ke7 {[%clk 01:22:31]} {[%emt 00:11:10]}
47. Bd7 {[%clk 00:26:50]} {[%emt 00:01:16]} g6 {[%clk 01:22:40]} {[%emt
00:00:22]} 48. Kf3 {[%clk 00:21:45]} {[%emt 00:05:34]} Nb6 {[%clk 01:16:32]}
{[%emt 00:06:38]} 49. Ke4 {[%clk 00:17:02]} {[%emt 00:05:14]} Nxd7 {[%clk
01:07:50]} {[%emt 00:09:12]} 50. cxd7 {[%clk 00:17:21]} {[%emt 00:00:10]} Kxd7
{[%clk 01:08:16]} {[%emt 00:00:04]} 51. Ke5 {[%clk 00:17:16]} {[%emt 00:00:34]}
Ke7 {[%clk 01:08:36]} {[%emt 00:00:10]} 52. g4 {[%clk 00:06:06]} {[%emt
00:11:40]} g5 {[%clk 01:07:26]} {[%emt 00:01:40]} 53. Kf5 {[%clk 00:05:58]}
{[%emt 00:00:39]} h5 {[%clk 01:06:46]} {[%emt 00:01:10]} 54. h3 {[%clk
00:05:49]} {[%emt 00:00:39]} hxg4 {[%clk 01:07:09]} {[%emt 00:00:07]} 55. hxg4
{[%clk 00:06:15]} {[%emt 00:00:03]} Kf7 {[%clk 01:07:35]} {[%emt 00:00:04]} 56.
Kxg5 {[%clk 00:06:32]} {[%emt 00:00:13]} Kg7 {[%clk 01:08:02]} {[%emt
00:00:03]} 57. Kf5 {[%clk 00:05:37]} {[%emt 00:01:25]} Kf7 {[%clk 01:08:21]}
{[%emt 00:00:12]} 58. g5 {[%clk 00:05:51]} {[%emt 00:00:15]} Kg7 {[%clk
01:08:42]} {[%emt 00:00:08]} 59. g6 {[%clk 00:06:14]} {[%emt 00:00:07]} Kg8
{[%clk 01:09:05]} {[%emt 00:00:06]} 60. Kf6 {[%clk 00:06:36]} {[%emt 00:00:09]}
Kf8 {[%clk 01:09:28]} {[%emt 00:00:07]} 61. Kg5 {[%clk 00:06:27]} {[%emt
00:00:38]} 1/2-1/2

[Event "DVM U20 2023"]
[Site "Magdeburg GER"]
[Date "2023.12.28"]
[Round "4"]
[White "Frank, Marian"]
[Black "Gerold, Robin"]
[Result "1-0"]
[Termination "normal"]
[Board "7.5"]
[WhiteElo "1503"]
[BlackElo "1532"]
[WhiteClock "00:02:49"]
[BlackClock "00:00:46"]
[WhiteTeam "ESV Gera"]
[BlackTeam "SF HN-Biberach 1978"]
[PlyCount "81"]
[WhiteFideId "16245059"]
[BlackFideId "16235185"]
[EventCountry "GER"]
[EventRounds "7"]
[EventType "team-swiss"]
[EventDate "2023.12.26"]

1. d4 {[%clk 01:30:58]} {[%emt 00:00:03]} Nf6 {[%clk 01:30:31]} {[%emt
00:00:29]} 2. Nf3 {[%clk 01:31:14]} {[%emt 00:00:13]} d5 {[%clk 01:30:46]}
{[%emt 00:00:15]} 3. c4 {[%clk 01:31:38]} {[%emt 00:00:06]} dxc4 {[%clk
01:30:49]} {[%emt 00:00:27]} 4. e3 {[%clk 01:31:55]} {[%emt 00:00:12]} e6
{[%clk 01:28:08]} {[%emt 00:03:12]} 5. Bxc4 {[%clk 01:32:06]} {[%emt 00:00:19]}
Nbd7 {[%clk 01:27:45]} {[%emt 00:00:53]} 6. O-O {[%clk 01:31:51]} {[%emt
00:00:46]} Be7 {[%clk 01:28:04]} {[%emt 00:00:10]} 7. Nbd2 {[%clk 01:30:59]}
{[%emt 00:01:22]} b6 {[%clk 01:19:02]} {[%emt 00:09:32]} 8. b3 {[%clk
01:30:17]} {[%emt 00:01:12]} Bb7 {[%clk 01:19:26]} {[%emt 00:00:06]} 9. Bb2
{[%clk 01:30:04]} {[%emt 00:00:45]} Rc8 {[%clk 01:10:12]} {[%emt 00:09:44]} 10.
Qe2 {[%clk 01:27:13]} {[%emt 00:03:20]} O-O {[%clk 01:04:35]} {[%emt 00:06:07]}
11. Rfd1 {[%clk 01:25:12]} {[%emt 00:02:31]} c5 {[%clk 01:00:07]} {[%emt
00:04:58]} 12. e4 {[%clk 01:20:55]} {[%emt 00:04:48]} Qc7 {[%clk 00:43:29]}
{[%emt 00:17:07]} 13. Rac1 {[%clk 01:19:01]} {[%emt 00:02:23]} Qb8 {[%clk
00:43:31]} {[%emt 00:00:28]} 14. Ng5 {[%clk 01:03:13]} {[%emt 00:16:18]} Rcd8
{[%clk 00:32:15]} {[%emt 00:11:46]} 15. e5 {[%clk 00:55:33]} {[%emt 00:08:11]}
Nd5 {[%clk 00:30:52]} {[%emt 00:01:53]} 16. Qh5 {[%clk 00:54:35]} {[%emt
00:01:25]} h6 {[%clk 00:27:53]} {[%emt 00:03:32]} 17. Ngf3 {[%clk 00:49:56]}
{[%emt 00:05:09]} cxd4 {[%clk 00:24:03]} {[%emt 00:04:20]} 18. Bxd4 {[%clk
00:47:39]} {[%emt 00:02:47]} Bc5 {[%clk 00:24:24]} {[%emt 00:00:09]} 19. Nf1
{[%clk 00:44:51]} {[%emt 00:03:18]} Nf4 {[%clk 00:21:20]} {[%emt 00:03:34]} 20.
Qg4 {[%clk 00:43:50]} {[%emt 00:01:30]} Bxf3 {[%clk 00:15:29]} {[%emt
00:06:23]} 21. gxf3 {[%clk 00:41:04]} {[%emt 00:03:14]} Bxd4 {[%clk 00:14:26]}
{[%emt 00:01:34]} 22. Rxd4 {[%clk 00:40:05]} {[%emt 00:01:29]} Ng6 {[%clk
00:14:48]} {[%emt 00:00:09]} 23. f4 {[%clk 00:38:06]} {[%emt 00:02:29]} Nc5
{[%clk 00:14:16]} {[%emt 00:01:01]} 24. Rxd8 {[%clk 00:36:28]} {[%emt
00:02:08]} Rxd8 {[%clk 00:14:36]} {[%emt 00:00:10]} 25. Rc3 {[%clk 00:29:47]}
{[%emt 00:07:10]} b5 {[%clk 00:11:35]} {[%emt 00:03:33]} 26. Be2 {[%clk
00:29:46]} {[%emt 00:00:29]} Ne4 {[%clk 00:11:50]} {[%emt 00:00:15]} 27. Re3
{[%clk 00:28:49]} {[%emt 00:01:26]} Nd2 {[%clk 00:10:54]} {[%emt 00:01:27]} 28.
Nxd2 {[%clk 00:21:53]} {[%emt 00:07:25]} Rxd2 {[%clk 00:11:19]} {[%emt
00:00:06]} 29. Bd3 {[%clk 00:20:41]} {[%emt 00:01:42]} Qe8 {[%clk 00:09:26]}
{[%emt 00:02:22]} 30. Rg3 {[%clk 00:15:31]} {[%emt 00:05:39]} Kf8 {[%clk
00:03:40]} {[%emt 00:06:17]} 31. f5 {[%clk 00:13:03]} {[%emt 00:02:59]} Rxd3
{[%clk 00:02:16]} {[%emt 00:01:54]} 32. Rxd3 {[%clk 00:12:19]} {[%emt
00:01:14]} Nxe5 {[%clk 00:01:50]} {[%emt 00:00:56]} 33. Qb4+ {[%clk 00:12:36]}
{[%emt 00:00:13]} Kg8 {[%clk 00:02:08]} {[%emt 00:00:12]} 34. Re3 {[%clk
00:11:48]} {[%emt 00:01:18]} f6 {[%clk 00:00:53]} {[%emt 00:01:45]} 35. f4
{[%clk 00:09:02]} {[%emt 00:03:15]} Nf7 {[%clk 00:00:32]} {[%emt 00:00:53]} 36.
fxe6 {[%clk 00:08:47]} {[%emt 00:00:45]} Nd8 {[%clk 00:00:50]} {[%emt
00:00:12]} 37. Qe4 {[%clk 00:05:40]} {[%emt 00:03:36]} Qe7 {[%clk 00:00:54]}
{[%emt 00:00:27]} 38. f5 {[%clk 00:05:39]} {[%emt 00:00:30]} Qc7 {[%clk
00:00:33]} {[%emt 00:00:52]} 39. e7 {[%clk 00:03:52]} {[%emt 00:02:18]} Qc1+
{[%clk 00:00:57]} {[%emt 00:00:06]} 40. Kf2 {[%clk 00:02:39]} {[%emt 00:01:42]}
Qc7 {[%clk 00:00:46]} {[%emt 00:00:42]} 41. e8=Q+ {[%clk 00:02:49]} {[%emt
00:00:19]} 1-0

[Event "DVM U20 2023"]
[Site "Magdeburg GER"]
[Date "2023.12.28"]
[Round "4"]
[White "Martsfeld, Jonas"]
[Black "Schulter, Moritz"]
[Result "0-1"]
[Termination "normal"]
[Board "7.6"]
[WhiteElo "1421"]
[BlackElo "1594"]
[WhiteClock "00:30:30"]
[BlackClock "00:00:40"]
[WhiteTeam "SF HN-Biberach 1978"]
[BlackTeam "ESV Gera"]
[PlyCount "73"]
[WhiteFideId "16255640"]
[BlackFideId "16245067"]
[EventCountry "GER"]
[EventRounds "7"]
[EventType "team-swiss"]
[EventDate "2023.12.26"]

1. e4 {[%clk 01:30:59]} {[%emt 00:00:02]} e6 {[%clk 01:30:59]} {[%emt
00:00:01]} 2. Nf3 {[%clk 01:31:21]} {[%emt 00:00:08]} c5 {[%clk 01:31:04]}
{[%emt 00:00:25]} 3. Nc3 {[%clk 01:28:59]} {[%emt 00:02:51]} Nc6 {[%clk
01:25:10]} {[%emt 00:06:24]} 4. d3 {[%clk 01:28:05]} {[%emt 00:01:24]} Nge7
{[%emt 00:04:46]} 5. Be2 {[%clk 01:15:30]} {[%emt 00:13:05]} d5 {[%clk
01:15:59]} {[%emt 00:05:25]} 6. exd5 {[%clk 01:04:14]} {[%emt 00:11:46]} exd5
{[%clk 01:16:23]} {[%emt 00:00:06]} 7. Bg5 {[%clk 01:02:23]} {[%emt 00:02:21]}
Be6 {[%clk 01:02:23]} {[%emt 00:14:31]} 8. d4 {[%clk 00:53:36]} {[%emt
00:09:16]} h6 {[%clk 00:47:34]} {[%emt 00:15:20]} 9. Bh4 {[%clk 00:53:24]}
{[%emt 00:00:41]} g5 {[%clk 00:45:59]} {[%emt 00:02:05]} 10. Bg3 {[%clk
00:52:52]} {[%emt 00:01:02]} Nf5 {[%clk 00:43:05]} {[%emt 00:03:23]} 11. Bb5
{[%clk 00:34:31]} {[%emt 00:18:51]} a6 {[%clk 00:38:00]} {[%emt 00:05:35]} 12.
Bxc6+ {[%clk 00:33:41]} {[%emt 00:01:20]} bxc6 {[%clk 00:38:29]} {[%emt
00:00:01]} 13. Qd2 {[%clk 00:26:32]} {[%emt 00:07:39]} Nxg3 {[%clk 00:33:59]}
{[%emt 00:05:00]} 14. hxg3 {[%clk 00:27:00]} {[%emt 00:00:02]} Bg7 {[%clk
00:26:54]} {[%emt 00:07:35]} 15. dxc5 {[%clk 00:22:01]} {[%emt 00:05:30]} Qe7
{[%clk 00:22:04]} {[%emt 00:05:20]} 16. Na4 {[%clk 00:11:57]} {[%emt 00:10:34]}
Bf5+ {[%clk 00:09:18]} {[%emt 00:13:15]} 17. Kf1 {[%clk 00:12:26]} {[%emt
00:00:03]} O-O {[%clk 00:09:02]} {[%emt 00:00:45]} 18. Nd4 {[%clk 00:10:07]}
{[%emt 00:02:49]} Qf6 {[%clk 00:04:44]} {[%emt 00:04:48]} 19. Nxf5 {[%clk
00:05:30]} {[%emt 00:05:07]} Qxf5 {[%clk 00:05:13]} {[%emt 00:00:01]} 20. Qd3
{[%clk 00:05:59]} {[%emt 00:00:02]} Qxd3+ {[%clk 00:01:05]} {[%emt 00:04:38]}
21. cxd3 {[%clk 00:06:27]} Rfe8 {[%clk 00:00:46]} {[%emt 00:00:49]} 22. Re1
{[%clk 00:06:52]} {[%emt 00:00:05]} Kh7 {[%clk 00:00:39]} {[%emt 00:00:38]} 23.
b3 {[%clk 00:06:13]} {[%emt 00:01:09]} Bd4 {[%clk 00:00:35]} {[%emt 00:00:34]}
24. f4 {[%clk 00:05:48]} {[%emt 00:00:56]} g4 {[%clk 00:00:40]} {[%emt
00:00:25]} 25. Re2 {[%clk 00:02:29]} {[%emt 00:03:48]} Kg6 {[%clk 00:00:44]}
{[%emt 00:00:26]} 26. Rh4 {[%clk 00:01:27]} {[%emt 00:01:33]} f5 {[%clk
00:00:38]} {[%emt 00:00:36]} 27. Rh1 {[%clk 00:01:54]} {[%emt 00:00:04]} Rxe2
{[%clk 00:00:42]} {[%emt 00:00:26]} 28. Kxe2 {[%clk 00:02:22]} {[%emt
00:00:01]} Re8+ {[%clk 00:01:11]} 29. Kd2 {[%clk 00:02:44]} {[%emt 00:00:09]}
Bf2 {[%clk 00:00:53]} {[%emt 00:00:48]} 30. Rf1 {[%clk 00:02:40]} {[%emt
00:00:34]} Bxg3 {[%clk 00:01:06]} {[%emt 00:00:17]} 31. Nc3 {[%clk 00:03:01]}
{[%emt 00:00:07]} Bh4 {[%clk 00:00:58]} {[%emt 00:00:39]} 32. Ne2 {[%clk
00:03:21]} {[%emt 00:00:11]} Bf6 {[%clk 00:00:46]} {[%emt 00:00:41]} 33. g3
{[%clk 00:02:29]} {[%emt 00:01:22]} h5 {[%clk 00:00:40]} {[%emt 00:00:36]} 34.
Rh1 {[%clk 00:02:13]} {[%emt 00:00:47]} Bg7 {[%clk 00:00:38]} {[%emt 00:00:32]}
35. Rh2 {[%clk 00:01:00]} {[%emt 00:01:43]} Bf6 {[%clk 00:00:42]} {[%emt
00:00:26]} 36. Rh1 {[%clk 00:01:19]} {[%emt 00:00:12]} a5 {[%clk 00:00:40]}
{[%emt 00:00:32]} 37. d4 {[%clk 00:30:30]} {[%emt 00:01:21]} 0-1

[Event "DVM U20 2023"]
[Site "Magdeburg GER"]
[Date "2023.12.28"]
[Round "4"]
[White "Pikalow, Michael"]
[Black "Struck, Lasse"]
[Result "1-0"]
[Termination "normal"]
[Board "8.1"]
[WhiteElo "2083"]
[BlackElo "1964"]
[WhiteClock "00:28:25"]
[BlackClock "00:25:43"]
[WhiteTeam "USC Magdeburg"]
[BlackTeam "SF Essen-Katernberg 04/32"]
[PlyCount "51"]
[WhiteFideId "16227638"]
[BlackFideId "16255623"]
[EventCountry "GER"]
[EventRounds "7"]
[EventType "team-swiss"]
[EventDate "2023.12.26"]

1. e4 {[%clk 01:30:58]} c5 {[%clk 01:30:53]} {[%emt 00:00:08]} 2. Nc3 {[%clk
01:30:57]} {[%emt 00:00:32]} e6 {[%clk 01:31:14]} {[%emt 00:00:09]} 3. Nf3
{[%clk 01:31:10]} {[%emt 00:00:16]} Nc6 {[%clk 01:31:24]} {[%emt 00:00:22]} 4.
d4 {[%clk 01:31:31]} {[%emt 00:00:09]} cxd4 {[%clk 01:31:48]} {[%emt 00:00:05]}
5. Nxd4 {[%clk 01:31:57]} {[%emt 00:00:04]} Qc7 {[%clk 01:32:10]} {[%emt
00:00:08]} 6. g4 {[%clk 01:28:05]} {[%emt 00:04:22]} a6 {[%clk 01:31:46]}
{[%emt 00:00:54]} 7. Be3 {[%clk 01:27:46]} {[%emt 00:00:50]} b5 {[%clk
01:31:45]} {[%emt 00:00:31]} 8. Nxc6 {[%clk 01:27:29]} {[%emt 00:00:48]} Qxc6
{[%clk 01:32:09]} {[%emt 00:00:06]} 9. Qd2 {[%clk 01:27:57]} {[%emt 00:00:01]}
b4 {[%clk 01:31:11]} {[%emt 00:01:28]} 10. Ne2 {[%clk 01:28:22]} {[%emt
00:00:06]} Qxe4 {[%clk 01:31:15]} {[%emt 00:00:26]} 11. Rg1 {[%clk 01:28:50]}
{[%emt 00:00:01]} Qc6 {[%clk 01:31:03]} {[%emt 00:00:42]} 12. Bg2 {[%clk
01:26:12]} {[%emt 00:03:08]} d5 {[%clk 01:31:26]} {[%emt 00:00:07]} 13. O-O-O
{[%clk 01:26:11]} {[%emt 00:00:30]} Bb7 {[%clk 01:28:07]} {[%emt 00:03:50]} 14.
Ng3 {[%clk 01:23:09]} {[%emt 00:03:32]} Nf6 {[%clk 01:22:36]} {[%emt 00:06:02]}
15. Bd4 {[%clk 01:15:55]} {[%emt 00:07:44]} a5 {[%clk 01:06:00]} {[%emt
00:17:07]} 16. Rge1 {[%clk 01:08:10]} {[%emt 00:08:15]} a4 {[%clk 00:59:48]}
{[%emt 00:06:42]} 17. Kb1 {[%clk 00:58:13]} {[%emt 00:10:27]} Be7 {[%clk
00:47:09]} {[%emt 00:13:10]} 18. g5 {[%clk 00:56:46]} {[%emt 00:01:56]} Nd7
{[%clk 00:47:09]} {[%emt 00:00:30]} 19. Nf5 {[%clk 00:53:32]} {[%emt 00:03:44]}
exf5 {[%clk 00:41:39]} {[%emt 00:06:00]} 20. Qxb4 {[%clk 00:53:29]} {[%emt
00:00:33]} O-O {[%clk 00:39:45]} {[%emt 00:02:23]} 21. Rxe7 {[%clk 00:49:22]}
{[%emt 00:04:39]} Rac8 {[%clk 00:34:54]} {[%emt 00:05:20]} 22. Bc3 {[%clk
00:46:51]} {[%emt 00:03:01]} Nb6 {[%clk 00:32:23]} {[%emt 00:03:01]} 23. Qd4
{[%clk 00:38:47]} {[%emt 00:08:34]} f6 {[%clk 00:32:45]} {[%emt 00:00:08]} 24.
gxf6 {[%clk 00:32:08]} {[%emt 00:07:08]} Rxf6 {[%clk 00:31:12]} {[%emt
00:02:04]} 25. Rg1 {[%clk 00:30:22]} {[%emt 00:02:15]} Re8 {[%clk 00:25:43]}
{[%emt 00:05:59]} 26. Qxf6 {[%clk 00:28:25]} {[%emt 00:02:28]} 1-0